000 00419nam a2200157 i 4500
001 96780
003 ES-MaACL
005 20230906181956.0
007 t|
008 050630s1972 sp ||||1| spa d
100 1 _aMaly, Eugene H.
_975893
245 1 3 _aEl mundo de David y Salomón /
_cEugene H. Maly.
260 _aBilbao :
_bMensajero,
_c1972.
300 _a190 p. ;
_c22 cm.
852 _aES-MaACL
_jC-48775
_bR.84522
999 _c96780
_d96780